Encuesta demográfica nacional de Panamá años 1975-1976. Capítulo III: mortalidad

Uloženo v:
Podrobná bibliografie
Korporativní autor: Panamá. Dirección de Estadística y Censos
Médium: Text
Vydáno: Panamá: La Dirección
Tagy: Přidat tag
Žádné tagy, Buďte první, kdo vytvoří štítek k tomuto záznamu!

MARC

LEADER 00000 a a2200000 04500
001 15476
003
040
090 |a EXTRAVIADO  
110 |a Panamá. Dirección de Estadística y Censos  
245 |a Encuesta demográfica nacional de Panamá años 1975-1976. Capítulo III: mortalidad  
260 |a Panamá:   |b La Dirección  
300 |a 8; 103 p.  
999 |c 1778  |d 1778